A comparison study of 2005 modified Gleason system and new ISUP 2014 Gleason scoring system : a single institutional observation /
Saved in:
| 主要作者: | |
|---|---|
| 格式: | Thesis 圖書 |
| 語言: | English |
| 出版: |
2019.
|
| 主題: | |
| 標簽: |
添加標簽
沒有標簽, 成為第一個標記此記錄!
|
| LEADER | 01104cam a2200301 i 4500 | ||
|---|---|---|---|
| 001 | u1127615 | ||
| 003 | SIRSI | ||
| 005 | 201912021052 | ||
| 008 | 191202s2019 my a m 000 0 eng | ||
| 040 | |a UMP |e rda | ||
| 096 | |a QZ4 |b UM 2019 Tan | ||
| 100 | 1 | |a Tan, Tay Eng, |e author. | |
| 245 | 1 | 0 | |a A comparison study of 2005 modified Gleason system and new ISUP 2014 Gleason scoring system : |b a single institutional observation / |c Tan Tay Eng. |
| 264 | 1 | |c 2019. | |
| 264 | 4 | |c 2019. | |
| 300 | |a 1, 42 leaves : |b colour illustration ; |c 30 cm. | ||
| 336 | |a text |2 rdacontent | ||
| 337 | |a unmediated |2 rdamedia | ||
| 338 | |a volume |2 rdacarrier | ||
| 502 | |b M.Path. |c Department of Pathology, Faculty of Medicine, University of Malaya |d 2019. | ||
| 504 | |a Bibliography: leaves 26-27. | ||
| 650 | 1 | 2 | |a Neoplasm Grading |x methods. |
| 650 | 2 | 2 | |a Prostatic Neoplasms. |
| 650 | 2 | 2 | |a Adenocarcinoma. |
| 710 | 2 | 0 | |a Universiti Malaya. |b Jabatan Patologi, |e degree granting institution. |
| 900 | |a RAH | ||
| 596 | |a 2 | ||
| 999 | |a QZ4 UM 2019 TAN |w NLM |c 1 |i A517455897 |f 11/12/2019 |g 1 |l TESIS |m P02MEDKL |r Y |s Y |t TESIS |u 11/12/2019 | ||
